Digital marketing - Từ chiến lược đến thực thi Nền tảng thành công cho chiến dịch Marketing thời đại số : Phiên bản cập nhật mới nhất

Giới thiệu hệ thống kiến thức nền tảng về chiến lược marketing về tổng quan, sáng tạo ý tưởng lớn, kế hoạch digital marketing, các kênh digital marketing phổ biến nội dung trong digital marketing cơ bản

Đã lưu trong:
書目詳細資料
企業作者: Lê Thanh Sang
其他作者: Hà Tuấn Anh, Lê Minh Tâm
格式: 圖書
語言:Vietnamese
出版: H. Dân trí 2024
主題:
標簽: 添加標簽
沒有標簽, 成為第一個標記此記錄!
Thư viện lưu trữ: Thư viện Trường Đại học Nam Cần Thơ
LEADER 01773nam a22002537a 4500
001 NCT_4_016042
008 250117b xxu||||| |||| 00| 0 vie d
999 |c 8765  |d 8765 
020 |a 9786044036885  |c 220000 
082 0 4 |2 23rd ed.  |a 658.8  |b D309M 
245 0 0 |a Digital marketing - Từ chiến lược đến thực thi  |b Nền tảng thành công cho chiến dịch Marketing thời đại số : Phiên bản cập nhật mới nhất  |c Hà Tuấn Anh, Lê Minh Tâm, Lê Thanh Sang... 
260 |a H.  |b Dân trí  |c 2024 
300 |a 247 tr.  |b Minh họa  |c 24cm 
520 3 |a Giới thiệu hệ thống kiến thức nền tảng về chiến lược marketing về tổng quan, sáng tạo ý tưởng lớn, kế hoạch digital marketing, các kênh digital marketing phổ biến nội dung trong digital marketing cơ bản 
653 |a Truyền thông đa phương tiện 
700 1 |a Hà Tuấn Anh 
700 1 |a Lê Minh Tâm 
710 |a Lê Thanh Sang 
942 |2 ddc  |c BK 
952 |0 0  |1 0  |2 ddc  |4 0  |6 658_800000000000000_D309M  |7 0  |9 30114  |a 000001  |b 000001  |d 2025-01-17  |o 658.8 D309M  |p MD.23255  |r 2025-01-17  |v 220000.00  |w 2025-01-17  |y BK 
952 |0 0  |1 0  |2 ddc  |4 0  |6 658_800000000000000_D309M  |7 0  |9 30115  |a 000001  |b 000001  |d 2025-01-17  |l 2  |o 658.8 D309M  |p MD.23256  |r 2025-10-20  |s 2025-10-06  |v 220000.00  |w 2025-01-17  |y BK 
952 |0 0  |1 0  |2 ddc  |4 0  |6 658_800000000000000_D309M  |7 0  |9 30116  |a 000001  |b 000001  |d 2025-01-17  |o 658.8 D309M  |p MD.23257  |r 2025-01-17  |v 220000.00  |w 2025-01-17  |y BK 
952 |0 0  |1 0  |2 ddc  |4 0  |6 658_800000000000000_D309M  |7 0  |9 31619  |a 000001  |b 000001  |d 2025-11-25  |o 658.8 D309M  |p MD.24591  |r 2025-11-25  |v 220000.00  |w 2025-11-25  |y BK 
980 |a Thư viện Trường Đại học Nam Cần Thơ